| 000 | 00534nam a2200205Ia 4500 | ||
|---|---|---|---|
| 003 | OSt | ||
| 005 | 20250509151735.0 | ||
| 008 | 210210b1975 xxu||||| |||| 00| 0 eng d | ||
| 040 | _cAL | ||
| 041 | _aKannada | ||
| 082 | _aK894.3 PADR | ||
| 100 |
_a PADMA SHENOY _9149937 _dಪದ್ಮಾ ಶೆಣೈ. |
||
| 245 |
_aRasa virasa. _bರಸ ವಿರಸ |
||
| 260 |
_aMangaluru _bVidyodaya Prakashana _c1975 |
||
| 300 | _a244 | ||
| 650 |
_aShenoy _9209755 |
||
| 690 |
_aKannada Fiction _9149938 |
||
| 906 | _a032230 | ||
| 942 |
_2ddc _cBK |
||
| 999 |
_c83465 _d83465 |
||